| 000 | 00591nam a2200193 i 4500 | ||
|---|---|---|---|
| 001 | bg | ||
| 100 | 1 | _aJASTRZĘBSKA-OKOŃ, Izbella. | |
| 245 | 1 | 0 |
_aPolsko-angielski słownik tematyczny / _cIzabella Jastrzębska-Okoń. |
| 260 |
_aWarszawa : _bHarald G Dictionaries. Przedsiębiorstwo Wydawnicze, _ccop. 1997. |
||
| 300 |
_a375, [1] s. : _brys. ; _c20 cm. |
||
| 650 | 9 | _aSłownik polsko-angielski | |
| 020 | _a8386773146 | ||
| 040 | _cBPK | ||
| 041 | 0 | _aenpl | |
| 080 | _a811.162.1::811.111]'374 | ||
| 920 | _a83-86773-14-6 | ||
| 942 | _cKS | ||
| 008 | s pl f |000 0 pol | ||
| 999 |
_c34265 _d34265 |
||